00684nam a22001697a 4500003000900000008004200009040007100051082002400122100002900146245003000175260005300205300002600258505018300284650001300467650001300480650002100493AR-CdUCM190402b ||||| |||| 00| 0 spa d aMUNICIPALIDAD PROVINCIAL DEL CUSCOcBIBLIOTECA MUNICIPAL DEL CUSCO a962.9 /bG55 / 1955 aGonzales Ramirez, Manuel aLa caricatura política/ aMéxico :bFondo de cultura económica,c1955. a143 paginas ;c23 cm. aContenido : La manifestación concreta de la caricatura, por Manuel Gonzales Ramirez -- Violaciones constitucionales -- Reformas constitucionales -- Violaciones al sufragio ... aPolitica aReformas aConstitucionales